[Event "ch-AUS 2024"]
[Site "Adelaide AUS"]
[Date "2024.01.04"]
[Round "4.3"]
[White "Solomon, Stephen J"]
[Black "Le, Tri Kien"]
[Result "0-1"]
[WhiteTitle "IM"]
[BlackTitle "CM"]
[WhiteElo "2277"]
[BlackElo "2243"]
[WhiteFideId "3200043"]
[BlackFideId "12411027"]
[EventDate "2024.01.02"]
[EventType "swiss"]

1. e4 c5 2. Nf3 d6 3. Bb5+ Nd7 4. d4 Nf6 5. Nc3 cxd4 6. Qxd4 e5 7. Qd3 h6 8. Nd2
a6 9. Bxd7+ Bxd7 10. Nc4 Be6 11. Ne3 Rc8 12. O-O Be7 13. Rd1 O-O 14. a4 Qc7 15.
a5 Rfe8 16. Bd2 Bf8 17. h3 Qc6 18. Ncd5 Bxd5 19. exd5 Qd7 20. c4 Nh5 21. Kh2 g6
22. Bc3 Bg7 23. Rac1 e4 24. Qd2 f5 25. g4 fxg4 26. Rg1 g3+ 27. fxg3 Rf8 28. Rcf1
Kh7 29. Rxf8 Rxf8 30. Rf1 Rxf1 31. Nxf1 Qf5 32. Bxg7 Kxg7 33. Qc3+ Qf6 34. Ne3
Qxc3 35. bxc3 Nf6 36. g4 Nd7 37. Kg3 Kf6 38. h4 Nc5 39. h5 gxh5 40. gxh5 Kg5 41.
Nc2 Kxh5 42. Kf4 Kg6 43. Nd4 e3 44. Kxe3 Kf6 45. Kf4 Ke7 46. Kf5 Nd3 47. Ne6 Nb2
48. c5 Nc4 49. Ke4 Nxa5 50. cxd6+ Kxd6 51. Ng7 Kc5 52. Ne6+ Kd6 53. Ng7 Kc5 54.
Ne6+ Kc4 55. d6 Nc6 56. d7 a5 57. Nd4 Nd8 58. Ke5 a4 59. Kd6 a3 60. Ke7 a2 61.
Kxd8 a1=Q 62. Ke7 Qxc3 63. d8=Q Qxd4 64. Qa8 b5 65. Ke6 Qb6+ 66. Ke5 Qe3+ 67.
Kd6 Qd3+ 68. Ke5 Qe3+ 69. Kd6 b4 70. Qa4 Qb6+ 71. Ke7 Qc5+ 72. Ke6 Qd5+ 73. Kf6
Kc3 74. Kg6 h5 75. Kh6 b3 76. Qa3 Kc2 77. Qa4 Kb1 78. Qa3 h4 79. Qb4 h3 80. Qe1+
Kc2 81. Kg7 Qg2+ 82. Kh8 h2 0-1

[Event "ch-AUS 2024"]
[Site "Adelaide AUS"]
[Date "2024.01.04"]
[Round "4.4"]
[White "Leong, Benjamin"]
[Black "Tao, Trevor"]
[Result "1/2-1/2"]
[WhiteTitle "CM"]
[BlackTitle "IM"]
[WhiteElo "1879"]
[BlackElo "2364"]
[WhiteFideId "3238512"]
[BlackFideId "3201961"]
[EventDate "2024.01.02"]
[EventType "swiss"]

1. e4 c6 2. d4 d5 3. exd5 cxd5 4. Bd3 Nc6 5. c3 Nf6 6. Bf4 g6 7. h3 Bg7 8. Nf3
O-O 9. Nbd2 a6 10. Ne5 Nd7 11. Ndf3 f6 12. Nxd7 Qxd7 13. Qb3 e5 14. Be3 Kh8 15.
dxe5 Nxe5 16. O-O-O Qf7 17. Be2 Nc4 18. Bxc4 dxc4 19. Qb6 Bf5 20. Rd6 a5 21.
Rhd1 Bd3 22. Qd4 Rfe8 23. Ne1 Bf5 24. g4 Be6 25. Nf3 Kg8 26. Qb6 a4 27. a3 Bf8
28. Rd8 Rexd8 29. Rxd8 Rxd8 30. Qxd8 Qe7 31. Qa8 Bd5 32. Nd4 Qe4 33. Qxa4 Qh1+
34. Kd2 Qxh3 35. Qe8 Bf7 36. Qc8 Qf1 37. Ne6 Qd3+ 38. Kc1 Qf1+ 39. Kd2 Qd3+ 40.
Kc1 Qf1+ 1/2-1/2

[Event "ch-AUS 2024"]
[Site "Adelaide AUS"]
[Date "2024.01.04"]
[Round "4.5"]
[White "Asaka, Samuel"]
[Black "Zhang, Jilin"]
[Result "1-0"]
[BlackTitle "WGM"]
[WhiteElo "2125"]
[BlackElo "2170"]
[WhiteFideId "3228690"]
[BlackFideId "8602867"]
[EventDate "2024.01.02"]
[EventType "swiss"]

1. d4 Nf6 2. c4 g6 3. Nc3 d5 4. cxd5 Nxd5 5. e4 Nxc3 6. bxc3 Bg7 7. Nf3 c5 8.
Bb5+ Nd7 9. O-O a6 10. Be2 Qc7 11. Bg5 Nf6 12. Qd3 O-O 13. a4 Rd8 14. h3 Bd7 15.
Qe3 b5 16. d5 c4 17. Rfd1 Qa7 18. Nd4 Qc5 19. Bf3 h6 20. Bxh6 Bxh6 21. Qxh6 Qd6
22. Qg5 Nh7 23. Qe3 bxa4 24. e5 Qc5 25. d6 Rac8 26. Rab1 exd6 27. exd6 Nf8 28.
Qe7 Re8 29. Qf6 Qe5 30. Qxe5 Rxe5 31. Bb7 Rcc5 32. Bxa6 Red5 33. Nc2 Rd3 34. Ne3
Rxc3 35. Rb8 a3 36. Ra1 Rb3 37. Ra8 c3 38. Bc4 Rb4 39. Bd3 Rd4 40. Bc2 Rxd6 41.
R8xa3 Ne6 42. Rc1 Nd4 43. Bd1 Rdc6 44. Nc2 Nb5 45. Ra8+ Rc8 46. Rxc8+ Rxc8 47.
Be2 Nd6 48. Ne3 Be6 49. Bd3 Bb3 50. Kf1 Kg7 51. Ke2 Kf6 52. Bc2 Bc4+ 53. Bd3 Bb3
54. Rb1 Be6 55. Rb6 Nf5 56. Bxf5 gxf5 57. Kd3 Ke5 58. Rb5+ Kf4 59. Rb1 Ke5 60.
Rb5+ Kf4 61. Rb1 Ke5 62. Re1 Kf6 63. f4 Kg6 64. Rc1 Kh5 65. Rxc3 Rg8 66. Ke2 Kh4
67. Kf3 Rg3+ 68. Kf2 Rg8 69. Rc5 Ra8 70. Nxf5+ Bxf5 71. Rxf5 Ra2+ 72. Kf3 Ra3+
73. Ke4 Ra4+ 74. Ke5 Ra5+ 75. Ke4 1-0

[Event "ch-AUS 2024"]
[Site "Adelaide AUS"]
[Date "2024.01.04"]
[Round "4.6"]
[White "Soo, Kai Jie"]
[Black "Nguyen Hong Anh"]
[Result "1-0"]
[WhiteTitle "FM"]
[BlackTitle "WIM"]
[WhiteElo "2058"]
[BlackElo "2020"]
[WhiteFideId "5803454"]
[BlackFideId "12406732"]
[EventDate "2024.01.02"]
[EventType "swiss"]

1. d4 d5 2. c4 e6 3. Nf3 Nf6 4. g3 dxc4 5. Bg2 c5 6. O-O Nc6 7. Qa4 Bd7 8. Qxc4
b5 9. Qd3 c4 10. Qc2 Rc8 11. e4 Be7 12. Nc3 O-O 13. Qe2 b4 14. Nb1 Qb6 15. Be3
Qa5 16. Nfd2 Qb5 17. Rc1 Na5 18. Bf1 Qb7 19. f3 Bb5 20. Qf2 Rc6 21. a3 c3 22.
bxc3 Bxf1 23. axb4 Bd3 24. Rxa5 Bxb4 25. Nb3 Bxb1 26. cxb4 Rxc1+ 27. Nxc1 Qxb4
28. Qd2 Qb7 29. Ne2 Rc8 30. Nc3 Bxe4 31. fxe4 Nxe4 32. Nxe4 Qb1+ 33. Kf2 Rc2 34.
Rxa7 Rxd2+ 35. Nxd2 Qf5+ 36. Nf3 h6 37. Rc7 f6 38. Rc5 Qe4 39. Ne1 Kh7 40. Rc2
Qf5+ 41. Kg1 Qe4 42. Re2 Qg4 43. Rd2 Qe4 44. Ng2 Qb1+ 45. Kf2 Qf5+ 46. Ke1 Qb1+
47. Kf2 Qf5+ 48. Ke1 Qb1+ 49. Rd1 Qc2 50. Bf2 Qe4+ 51. Kf1 Qf3 52. Re1 Qb3 53.
Nf4 e5 54. dxe5 Qb5+ 55. Kg1 fxe5 56. Ne6 Qd5 57. Nf8+ Kg8 58. Ng6 Kh7 59. Nf8+
Kg8 60. Ng6 Kh7 61. Nxe5 Qb3 62. Nc6 Qd5 63. Ne5 Qb3 64. h4 Qc2 65. Nf3 Qf5 66.
Nd4 Qh3 67. Re7 Kg6 68. Ne6 Kf6 69. Nf4 Qc8 70. Re6+ Kf7 71. h5 Qc1+ 72. Re1 Qd2
73. Re5 Qd1+ 74. Kg2 Qc2 75. g4 Qd1 76. Rf5+ Kg8 77. Kg3 Qb3+ 78. Kh2 Qd1 79.
Ng6 Kh7 80. Rf4 Qd5 81. Nh4 Qa2 82. Kh3 Qd5 83. Nf5 Qb3+ 84. Kh4 g5+ 85. hxg6+
Kxg6 86. Ng3 Qd5 87. Kh3 Qd2 88. Rf5 Qd1 89. Rh5 Qf3 90. Rf5 Qd1 91. Be3 Qd3 92.
Bf4 Qc4 93. Be5 Qd3 94. Rf6+ Kg5 95. Rf7 h5 96. Rg7+ Kh6 97. g5# 1-0

[Event "ch-AUS 2024"]
[Site "Adelaide AUS"]
[Date "2024.01.04"]
[Round "4.7"]
[White "Jordan, William"]
[Black "Melamed, Daniel"]
[Result "0-1"]
[WhiteTitle "FM"]
[BlackTitle "CM"]
[WhiteElo "2143"]
[BlackElo "1988"]
[WhiteFideId "3200876"]
[BlackFideId "3229076"]
[EventDate "2024.01.02"]
[EventType "swiss"]

1. e4 c5 2. c3 e6 3. d4 d5 4. e5 Nc6 5. Nf3 Qb6 6. Bd3 Bd7 7. O-O cxd4 8. cxd4
Nxd4 9. Nxd4 Qxd4 10. Qe2 Ne7 11. Nc3 Nc6 12. Re1 Be7 13. Nb5 Qb6 14. a3 a6 15.
Nc3 h5 16. b4 Qc7 17. Bb2 Rc8 18. f4 a5 19. b5 Nd4 20. Qf1 Bc5 21. Kh1 Nb3 22.
Rad1 Bd4 23. Na4 Bxb2 24. Nxb2 g6 25. Qf3 Nd4 26. Qf2 Nxb5 27. a4 Nc3 28. Rc1
Qc5 29. Qh4 Qe7 30. Qg3 Qb4 31. Nd1 h4 32. Qg5 Ne4 33. Rxc8+ Bxc8 34. Bb5+ Bd7
35. Bxd7+ Kxd7 0-1

[Event "ch-AUS 2024"]
[Site "Adelaide AUS"]
[Date "2024.01.04"]
[Round "4.8"]
[White "Lane, Gary W"]
[Black "Li, Hui"]
[Result "1-0"]
[WhiteTitle "IM"]
[BlackTitle "CM"]
[WhiteElo "2342"]
[BlackElo "1988"]
[WhiteFideId "3203301"]
[BlackFideId "15400310"]
[EventDate "2024.01.02"]
[EventType "swiss"]

1. e4 e5 2. Bc4 Nf6 3. d3 c6 4. Nf3 d5 5. Bb3 Bd6 6. Nc3 dxe4 7. Ng5 O-O 8.
Ngxe4 Nxe4 9. Nxe4 Bf5 10. Qf3 Bxe4 11. dxe4 a5 12. a3 Na6 13. O-O Nc5 14. Ba2
Qe7 15. Rd1 Ne6 16. c3 Rad8 17. g3 Bc5 18. Rf1 Qd6 19. Qf5 Bb6 20. Bc4 g6 21.
Qf6 Nc5 22. Qh4 Rd7 23. Bh6 Bd8 24. Bxf8 Qxf8 25. Qg4 b5 26. Ba2 Rd2 27. b4 Na4
28. Rfd1 Rxd1+ 29. Rxd1 Nxc3 30. Bxf7+ Kxf7 31. Qf3+ Kg8 32. Qxc3 axb4 33. Qxc6
bxa3 34. Qd5+ Kg7 35. Qxd8 Qxd8 36. Rxd8 b4 37. Ra8 Kf6 38. Ra4 1-0

[Event "ch-AUS 2024"]
[Site "Adelaide AUS"]
[Date "2024.01.04"]
[Round "4.9"]
[White "Phan, Nguyen Mai Chi"]
[Black "Bukreyev, Andriy"]
[Result "1-0"]
[WhiteTitle "WFM"]
[BlackTitle "CM"]
[WhiteElo "2122"]
[BlackElo "1967"]
[WhiteFideId "12401684"]
[BlackFideId "3242730"]
[EventDate "2024.01.02"]
[EventType "swiss"]

1. d4 Nf6 2. Nf3 c5 3. c4 cxd4 4. Nxd4 e5 5. Nb3 Qc7 6. e3 Bb4+ 7. Bd2 Be7 8.
Nc3 a6 9. Be2 d6 10. O-O Be6 11. Rc1 Qd7 12. e4 O-O 13. Be3 Rc8 14. Nd2 Ng4 15.
Bxg4 Bxg4 16. f3 Be6 17. Nd5 Bxd5 18. cxd5 Rxc1 19. Qxc1 Qd8 20. Qc3 Nd7 21. Rc1
b6 22. Qc7 Nc5 23. Qxd8+ Bxd8 24. b4 Nd3 25. Rc3 Nb2 26. Rc6 b5 27. Rxd6 Be7 28.
Rc6 Bxb4 29. Nb3 Na4 30. Nc1 Kf8 31. Nd3 Ba3 32. Nxe5 f6 33. Nd3 a5 34. Nf4 1-0

[Event "ch-AUS 2024"]
[Site "Adelaide AUS"]
[Date "2024.01.04"]
[Round "4.10"]
[White "Hernandez Mendez, Iker"]
[Black "Leaver, Kyle"]
[Result "1/2-1/2"]
[WhiteElo "1834"]
[BlackElo "2062"]
[WhiteFideId "3243214"]
[BlackFideId "3228410"]
[EventDate "2024.01.02"]
[EventType "swiss"]

1. e4 c5 2. Nf3 d6 3. d4 cxd4 4. Nxd4 Nf6 5. Nc3 a6 6. Rg1 g6 7. g4 Nc6 8. g5
Nd7 9. h4 h5 10. Be3 Bg7 11. f4 O-O 12. Qd2 Qa5 13. Nb3 Bxc3 14. bxc3 Qa4 15.
Qg2 b6 16. Be2 Bb7 17. Bxh5 gxh5 18. g6 Nf6 19. gxf7+ Kxf7 20. Qg6+ Ke6 21. Qf5+
Kf7 22. Qg6+ Ke6 23. Qf5+ Kf7 24. Qg6+ 1/2-1/2

[Event "ch-AUS 2024"]
[Site "Adelaide AUS"]
[Date "2024.01.04"]
[Round "4.11"]
[White "Lee, Aaron James"]
[Black "Salasan, Haran"]
[Result "0-1"]
[BlackTitle "CM"]
[WhiteElo "2051"]
[BlackElo "1952"]
[WhiteFideId "3232409"]
[BlackFideId "3221253"]
[EventDate "2024.01.02"]
[EventType "swiss"]

1. e4 c6 2. d4 d5 3. exd5 cxd5 4. Nf3 Nc6 5. Bb5 Bd7 6. O-O Nf6 7. c4 e6 8. Nc3
a6 9. Bxc6 Bxc6 10. c5 Ne4 11. Na4 Bxa4 12. Qxa4+ Qd7 13. Qc2 Qc7 14. b4 Be7 15.
g3 O-O 16. Bf4 Qd8 17. a4 Qe8 18. Nd2 Nxd2 19. Qxd2 Qd7 20. Rfe1 Bd8 21. Qb2 Bc7
22. Bxc7 Qxc7 23. b5 h6 24. Rec1 Rfb8 25. Ra3 h5 26. Rb3 axb5 27. axb5 Qa5 28.
Kg2 h4 29. Qe2 Qa4 30. Qd3 g6 31. Qe3 Kg7 32. Qe5+ f6 33. Qe3 Kf7 34. Re1 Re8
35. c6 bxc6 36. bxc6 Qxc6 37. Reb1 Re7 38. Qh6 h3+ 39. Kxh3 Qe8 40. Rb7 Qh8 41.
Rxe7+ Kxe7 42. Rb7+ Kd6 43. Rh7 Qc8 44. Qf4+ e5+ 45. Qg4 Qxg4+ 46. Kxg4 exd4 47.
Kf3 Re8 48. Ra7 Kc5 49. Rc7+ Kb4 50. Rb7+ Kc3 51. Rc7+ Kb3 52. Rb7+ Kc2 53. Rc7+
Kd1 0-1

[Event "ch-AUS 2024"]
[Site "Adelaide AUS"]
[Date "2024.01.04"]
[Round "4.12"]
[White "Dragicevic, Domagoj"]
[Black "Annapureddy, Rheyansh Reddy"]
[Result "0-1"]
[WhiteTitle "FM"]
[WhiteElo "2040"]
[BlackElo "1866"]
[WhiteFideId "3203328"]
[BlackFideId "3244806"]
[EventDate "2024.01.02"]
[EventType "swiss"]

1. d4 Nf6 2. Nc3 d5 3. Bf4 g6 4. Qd2 Bg7 5. f3 c5 6. dxc5 Nc6 7. O-O-O O-O 8. e3
e5 9. Bg5 Be6 10. Bxf6 Qxf6 11. Nxd5 Bxd5 12. Qxd5 e4 13. Qb3 Rad8 14. Rxd8 Rxd8
15. Be2 Nd4 16. Qa3 Nxe2+ 17. Nxe2 exf3 18. gxf3 Qxf3 19. Ng3 Bh6 20. Re1 Bxe3+
21. Qxe3 Rd1+ 22. Rxd1 Qxe3+ 23. Kb1 Qxc5 24. Ne4 Qe5 0-1

[Event "ch-AUS 2024"]
[Site "Adelaide AUS"]
[Date "2024.01.04"]
[Round "4.13"]
[White "Rice, Leah"]
[Black "Rodgers, Jack"]
[Result "1-0"]
[BlackTitle "FM"]
[WhiteElo "1525"]
[BlackElo "2059"]
[WhiteFideId "5824605"]
[BlackFideId "3220885"]
[EventDate "2024.01.02"]
[EventType "swiss"]

1. d4 g6 2. c4 Bg7 3. Nc3 c5 4. d5 d6 5. e4 Nf6 6. Nf3 O-O 7. Be2 a6 8. O-O b5
9. cxb5 axb5 10. Bxb5 Ba6 11. Bxa6 Nxa6 12. Be3 Qa5 13. Nd2 Rfb8 14. Nc4 Qb4 15.
Qe2 Nd7 16. Bd2 Ne5 17. Nxe5 Bxe5 18. Rab1 c4 19. Rfc1 Nc5 20. Nd1 Qb5 21. Qxc4
Qxc4 22. Rxc4 Rxa2 23. Be3 Bxb2 24. Bxc5 dxc5 25. Rxc5 Rba8 26. Rc2 Bd4 27. Rxa2
Rxa2 28. Kf1 Kg7 29. Rb4 Bc5 30. Rc4 Bd6 31. g3 h5 32. Ne3 h4 33. Kg2 h3+ 34.
Kf3 Bb8 35. Rc2 Ra4 36. Nc4 f5 37. e5 g5 38. d6 exd6 39. exd6 Kf6 40. d7 Bc7 41.
Ne3 Bd8 42. Rc6+ Ke7 43. Nxf5+ Kxd7 44. Rd6+ Kc8 45. Rd4 Ra2 46. Nd6+ Kb8 47.
Ne4 Bb6 48. Rd2 Ra3+ 49. Kg4 Ra4 50. f3 Ra3 51. Nxg5 Be3 52. Rb2+ Kc7 53. Ne4
Bd4 54. Rc2+ Kb6 55. Nd2 Ra8 56. Kxh3 Re8 57. Nc4+ Kc5 58. Ne3+ Kb5 59. Nf5 Bc5
60. g4 Kc6 61. Kg3 Kd5 62. Rd2+ Kc6 63. h4 Re1 64. h5 Bb4 65. Rc2+ Kd5 66. h6
Rh1 67. Rh2 Rg1+ 68. Kh4 Bc3 69. Kg5 Ke6 70. Re2+ Kf7 71. Re7+ Kf8 72. Rc7 Be5
73. h7 Rh1 74. Rc8+ Kf7 75. Nh6+ Ke6 76. Re8+ Kd5 1-0

[Event "ch-AUS 2024"]
[Site "Adelaide AUS"]
[Date "2024.01.05"]
[Round "5.1"]
[White "Litchfield, Frederick"]
[Black "Sardana, Rishi"]
[Result "1/2-1/2"]
[WhiteTitle "FM"]
[BlackTitle "IM"]
[WhiteElo "2176"]
[BlackElo "2470"]
[WhiteFideId "3218295"]
[BlackFideId "25004301"]
[EventDate "2024.01.02"]
[EventType "swiss"]

1. b3 d5 2. Bb2 c5 3. e3 a6 4. Nf3 Nc6 5. h3 Nf6 6. g4 d4 7. g5 Nh5 8. Nxd4 cxd4
9. Qxh5 Bf5 10. Bg2 Bxc2 11. O-O Rc8 12. Na3 Bg6 13. Qg4 e6 14. Rac1 h6 15. exd4
Bf5 16. Qf3 Bxa3 17. Bxa3 Qxd4 18. Rfe1 Bg6 19. Bc5 Qd3 20. Qg4 Qf5 21. gxh6
Qxg4 22. hxg4 Rxh6 23. d4 Kd7 24. d5 exd5 25. Bxd5 Rch8 26. Red1 Kc7 27. Be3 Rh4
28. Bf4+ Kb6 29. Be3+ Kc7 30. Bf4+ Kb6 31. Be3+ 1/2-1/2

[Event "ch-AUS 2024"]
[Site "Adelaide AUS"]
[Date "2024.01.05"]
[Round "5.2"]
[White "Le, Tri Kien"]
[Black "Asaka, Samuel"]
[Result "1/2-1/2"]
[WhiteTitle "CM"]
[WhiteElo "2243"]
[BlackElo "2125"]
[WhiteFideId "12411027"]
[BlackFideId "3228690"]
[EventDate "2024.01.02"]
[EventType "swiss"]

1. d4 Nf6 2. c4 e6 3. Nc3 Bb4 4. Qc2 h6 5. e4 c5 6. e5 cxd4 7. a3 Bf8 8. Nb5 a6
9. Qa4 Ng4 10. Nf3 Nc6 11. Bf4 g5 12. Bg3 Bg7 13. Nd6+ Kf8 14. Rd1 Ngxe5 15.
Bxe5 Nxe5 16. Nxd4 Qb6 17. Nb3 Kg8 18. Be2 Qc6 19. Qxc6 bxc6 20. Nc5 Bf8 21. Na4
Bxd6 22. Rxd6 Kg7 23. c5 a5 24. Nb6 Ra7 25. O-O Ng6 26. Rfd1 Nf4 27. Bc4 Nd5 28.
Bxd5 cxd5 29. h3 Re8 30. f3 Kf8 31. Kf2 Ke7 32. Re1 Kd8 33. Nxc8 Kxc8 34. Rxd5
Rb7 35. Rd2 Kc7 36. Red1 Rd8 37. Ke3 Kc6 38. Kd4 Rb5 39. Rc2 Rdb8 40. Rdd2 f6
41. g4 Rb3 42. Ke4 R8b5 43. Rd6+ Kc7 44. Rcd2 f5+ 45. gxf5 exf5+ 46. Kxf5 Rxf3+
47. Kg4 Rf4+ 48. Kg3 Rxc5 1/2-1/2

[Event "ch-AUS 2024"]
[Site "Adelaide AUS"]
[Date "2024.01.05"]
[Round "5.3"]
[White "Tao, Trevor"]
[Black "Solomon, Stephen J"]
[Result "1/2-1/2"]
[WhiteTitle "IM"]
[BlackTitle "IM"]
[WhiteElo "2364"]
[BlackElo "2277"]
[WhiteFideId "3201961"]
[BlackFideId "3200043"]
[EventDate "2024.01.02"]
[EventType "swiss"]

1. Nf3 d5 2. e3 c6 3. c4 e6 4. Nc3 f5 5. b3 Nf6 6. Be2 Bd6 7. O-O O-O 8. Bb2 Qe7
9. d4 Nbd7 10. Ne1 b6 11. f4 Bb7 12. Nd3 Rac8 13. Ne5 c5 14. Bd3 Ne4 15. Qe2
Ndf6 16. Rfd1 dxc4 17. Bxc4 Nxc3 18. Bxc3 Ne4 19. Bb2 cxd4 20. Bxd4 Bd5 21. Bxd5
exd5 22. Rac1 Ba3 23. Rxc8 Rxc8 24. h3 Rc7 25. Qb5 Qe6 26. b4 h6 27. Kh2 Kh7 28.
Rd3 Bc1 29. Rd1 Bd2 30. a3 Rc4 31. Nxc4 dxc4 32. Qe5 Qg6 33. g4 c3 34. Bxc3 Bxc3
35. Qxf5 Qxf5 36. gxf5 a5 37. bxa5 bxa5 38. Kg2 Bb2 39. Kf3 Nc5 40. Rd8 Bxa3 41.
Ra8 Bb4 42. e4 a4 43. e5 a3 44. Ke3 Nb3 45. e6 Na5 46. e7 Nc4+ 47. Kd4 Bxe7 48.
Kxc4 Bd6 49. Kd5 Bxf4 50. Rxa3 Bg5 51. Ra6 Bh4 52. Rg6 Be1 53. Ke6 Bc3 54. Kf7 1/2-1/2

[Event "ch-AUS 2024"]
[Site "Adelaide AUS"]
[Date "2024.01.05"]
[Round "5.4"]
[White "Ryjanova, Julia"]
[Black "Soo, Kai Jie"]
[Result "1-0"]
[WhiteTitle "WGM"]
[BlackTitle "FM"]
[WhiteElo "2285"]
[BlackElo "2058"]
[WhiteFideId "4127714"]
[BlackFideId "5803454"]
[EventDate "2024.01.02"]
[EventType "swiss"]

1. d4 Nf6 2. c4 e6 3. Nc3 Bb4 4. Qc2 d5 5. a3 Bxc3+ 6. Qxc3 O-O 7. e3 Re8 8. Nf3
Nc6 9. Bd3 a5 10. b3 Qd6 11. Bb2 b6 12. O-O Ba6 13. Rac1 Rec8 14. Rfd1 a4 15.
cxd5 Bxd3 16. Rxd3 Na5 17. dxe6 Nxb3 18. exf7+ Kxf7 19. Qc4+ Qd5 20. Ne5+ Kg8
21. Qxd5+ Nxd5 22. Rc2 b5 23. e4 Nf4 24. Rf3 Ne6 25. Nc6 Re8 26. h4 Ra6 27. d5
Nec5 28. e5 Ne4 29. e6 Nd6 30. Ne5 c5 31. dxc6 Rxe6 32. c7 Re8 33. Rd3 Rc8 34.
Nc6 1-0

[Event "ch-AUS 2024"]
[Site "Adelaide AUS"]
[Date "2024.01.05"]
[Round "5.5"]
[White "Liu, Yi"]
[Black "Leong, Benjamin"]
[Result "1-0"]
[WhiteTitle "FM"]
[BlackTitle "CM"]
[WhiteElo "2260"]
[BlackElo "1879"]
[WhiteFideId "3210588"]
[BlackFideId "3238512"]
[EventDate "2024.01.02"]
[EventType "swiss"]

1. d4 d5 2. Nf3 Nf6 3. c3 Bf5 4. Qb3 Qc8 5. c4 dxc4 6. Qxc4 e6 7. Nc3 Nbd7 8.
Nh4 Be4 9. Nxe4 Nxe4 10. g3 c5 11. dxc5 Nd6 12. Qa4 Qxc5 13. Bg2 Qc4 14. Qxc4
Nxc4 15. O-O O-O-O 16. Bf4 e5 17. Rfc1 exf4 18. Rxc4+ Kb8 19. gxf4 g6 20. Rac1
Bd6 21. Nf3 Nb6 22. Rd4 Bc7 23. e3 f6 24. h4 Nd5 25. Rcd1 Nb4 26. a3 Nc6 27. Rd7
Kc8 28. Bh3 f5 29. Rxd8+ Rxd8 30. Rxd8+ Nxd8 31. h5 Kd7 32. hxg6 hxg6 33. Nh4
Ke6 34. Nxg6 Nf7 35. e4 Nh6 36. e5 Bd8 37. Nf8+ Ke7 38. Nh7 Ke6 39. Ng5+ Bxg5
40. fxg5 Ng8 41. f4 Ne7 42. Kf2 Ng6 43. Kg3 Ne7 44. Bf1 Ng6 45. Be2 Nf8 46. Bh5
Ke7 47. g6 Ne6 48. Be2 Kf8 49. Bd3 Ng7 50. Kh4 Ne6 51. Bxf5 Nxf4 52. Kg5 Nd5 53.
Kh6 Ne7 54. Be6 1-0

[Event "ch-AUS 2024"]
[Site "Adelaide AUS"]
[Date "2024.01.05"]
[Round "5.6"]
[White "Melamed, Daniel"]
[Black "Lane, Gary W"]
[Result "0-1"]
[WhiteTitle "CM"]
[BlackTitle "IM"]
[WhiteElo "1988"]
[BlackElo "2342"]
[WhiteFideId "3229076"]
[BlackFideId "3203301"]
[EventDate "2024.01.02"]
[EventType "swiss"]

1. d4 Nf6 2. Nf3 g6 3. Nc3 d5 4. Bf4 Bg7 5. e3 O-O 6. Be2 c5 7. Ne5 Nc6 8. Qd2
cxd4 9. exd4 Bf5 10. Nxc6 bxc6 11. h4 c5 12. dxc5 d4 13. Nb5 Ne4 14. Qb4 e5 15.
Bg5 Nxg5 16. hxg5 Qxg5 17. Nd6 Bxc2 18. O-O e4 19. Qc4 Qd2 20. Rac1 d3 21. Bg4
Bxb2 22. Rce1 Be5 23. Rxe4 Qc3 24. Qxc3 Bxc3 25. Rc4 Be5 26. Bf3 Rad8 27. Ne4
Rd4 28. Nd2 Rc8 29. c6 Rxc4 30. Nxc4 Bb8 31. Ne3 Ba4 32. Nd5 Kf8 33. Nb4 d2 34.
Rb1 Bd6 35. Nd5 Rxc6 36. Rf1 Rc1 37. Ne3 Bb5 38. Rd1 Bf4 39. Nd5 Bh6 0-1

[Event "ch-AUS 2024"]
[Site "Adelaide AUS"]
[Date "2024.01.05"]
[Round "5.7"]
[White "Zhang, Jilin"]
[Black "Nguyen Hong Anh"]
[Result "1/2-1/2"]
[WhiteTitle "WGM"]
[BlackTitle "WIM"]
[WhiteElo "2170"]
[BlackElo "2020"]
[WhiteFideId "8602867"]
[BlackFideId "12406732"]
[EventDate "2024.01.02"]
[EventType "swiss"]

1. e4 c5 2. Nf3 d6 3. d4 cxd4 4. Nxd4 Nf6 5. Nc3 g6 6. g3 Bg7 7. Bg2 O-O 8. O-O
Nc6 9. Nde2 Rb8 10. Nd5 b5 11. a3 a5 12. Bd2 Bg4 13. h3 Bxe2 14. Qxe2 Nxd5 15.
exd5 Nd4 16. Qd3 Qc7 17. c3 Nb3 18. Rae1 Nxd2 19. Qxd2 Rfc8 20. Re4 Qa7 21. h4
Rc4 22. Rfe1 Be5 23. Kh2 Rxe4 24. Rxe4 f5 25. Re2 Qc5 26. h5 Kg7 27. b4 Qxc3 28.
Qxc3 Bxc3 29. Rxe7+ Kh6 30. hxg6 hxg6 31. bxa5 Bxa5 32. Re6 b4 33. axb4 1/2-1/2

[Event "ch-AUS 2024"]
[Site "Adelaide AUS"]
[Date "2024.01.05"]
[Round "5.8"]
[White "Salasan, Haran"]
[Black "Phan, Nguyen Mai Chi"]
[Result "0-1"]
[WhiteTitle "CM"]
[BlackTitle "WFM"]
[WhiteElo "1952"]
[BlackElo "2122"]
[WhiteFideId "3221253"]
[BlackFideId "12401684"]
[EventDate "2024.01.02"]
[EventType "swiss"]

1. d4 d5 2. c4 e6 3. Nf3 Nf6 4. Nc3 a6 5. c5 b6 6. cxb6 cxb6 7. Bf4 Nc6 8. e3
Bb7 9. Bd3 Be7 10. h3 O-O 11. O-O Nh5 12. Bh2 g6 13. Qe2 f5 14. Ne5 Nxe5 15.
Bxe5 Bd6 16. Bxd6 Qxd6 17. Rfe1 Rf7 18. Rac1 b5 19. a4 b4 20. Nb1 e5 21. dxe5
Qxe5 22. Nd2 Qxb2 23. Rb1 Qa3 24. Ra1 Qc3 25. Rec1 Qf6 26. Rab1 a5 27. Nb3 f4
28. Rc5 fxe3 29. Qxe3 Nf4 30. Bf1 Re7 31. Qd2 Rf8 32. Qd4 Qg5 33. Rc2 Nxh3+ 34.
Kh2 Nf4 35. Rd1 Ne6 36. Qd2 Qh4+ 37. Kg1 Ng5 38. Nxa5 Qg4 39. Kh1 Re5 40. Qd4
Qh5+ 41. Kg1 Nf3+ 42. gxf3 Rg5+ 43. Bg2 Qxf3 44. Kf1 Qxg2+ 45. Ke1 Rg4 46. Qd3
Re4+ 47. Kd2 Qg5+ 0-1

[Event "ch-AUS 2024"]
[Site "Adelaide AUS"]
[Date "2024.01.05"]
[Round "5.9"]
[White "Annapureddy, Rheyansh Reddy"]
[Black "Hernandez Mendez, Iker"]
[Result "1/2-1/2"]
[WhiteElo "1866"]
[BlackElo "1834"]
[WhiteFideId "3244806"]
[BlackFideId "3243214"]
[EventDate "2024.01.02"]
[EventType "swiss"]

1. e4 c5 2. Nf3 d6 3. d4 cxd4 4. Nxd4 Nf6 5. Nc3 g6 6. f3 Bg7 7. Be3 O-O 8. Qd2
Nc6 9. O-O-O d5 10. exd5 Nxd5 11. Nxc6 bxc6 12. Bd4 Nxc3 13. Qxc3 Bh6+ 14. Be3
Bxe3+ 15. Qxe3 Qb6 16. Qxe7 Be6 17. Qa3 Rad8 18. Bd3 Rd5 19. Rhe1 Ra5 20. Qc3
Rxa2 21. b3 Ra5 22. Kb2 Rd5 23. Re4 Rfd8 24. Ra1 Bf5 25. Rb4 Qf2 26. Bxf5 Rxf5
27. Rd1 Rfd5 28. Rxd5 cxd5 29. g4 d4 30. Qc7 Rd5 31. Qc6 Rd8 32. Qf6 Rc8 33. Rc4
Rxc4 34. bxc4 Qd2 35. Qd8+ Kg7 36. g5 Qc3+ 37. Kb1 Qb4+ 38. Kc1 Qe1+ 39. Kb2
Qb4+ 40. Kc1 Qe1+ 41. Kb2 Qe5 42. Kb3 Qe3+ 43. Kb2 Qc3+ 1/2-1/2

[Event "ch-AUS 2024"]
[Site "Adelaide AUS"]
[Date "2024.01.05"]
[Round "5.10"]
[White "Leaver, Kyle"]
[Black "Jordan, William"]
[Result "0-1"]
[BlackTitle "FM"]
[WhiteElo "2062"]
[BlackElo "2143"]
[WhiteFideId "3228410"]
[BlackFideId "3200876"]
[EventDate "2024.01.02"]
[EventType "swiss"]

1. e4 e5 2. Nf3 Nc6 3. Bc4 Nf6 4. d3 Bc5 5. c3 d6 6. O-O O-O 7. Re1 a6 8. a4 Ng4
9. Re2 Kh8 10. d4 Ba7 11. h3 Nf6 12. Be3 Qe7 13. Nbd2 Ng8 14. Bd3 Qf6 15. dxe5
Nxe5 16. Nxe5 dxe5 17. Bxa7 Rxa7 18. a5 Ra8 19. Nc4 Ne7 20. Rd2 Ng6 21. Qh5 Be6
22. g3 Rfd8 23. Ne3 Rd6 24. Kg2 Rad8 25. Qe2 Qg5 26. Kh2 Bxh3 27. Nf5 Bxf5 28.
exf5 Nf4 0-1